Municipis i educació inclusiva França un camí a valorar : les polítiques educatives a França en el marc de les polítiques de la ciutat França un camí a valorar :
Descripción Física:
1 disc òptic (CD-ROM) ; 12 cm
MARC
| LEADER | 00000nmm a2200000Ia 4500 | ||
|---|---|---|---|
| 001 | 24439 | ||
| 003 | Arxiu | ||
| 005 | 20260324180619.0 | ||
| 007 | co aa aaaaa | ||
| 008 | 160829s9999 xx 000 0 cat d | ||
| 080 | |a CD-1-234 | ||
| 245 | |a Municipis i educació inclusiva |h [Recurs electrònic] : |b França un camí a valorar : |b les polítiques educatives a França en el marc de les polítiques de la ciutat | ||
| 260 | |a [Barcelona] : |b Diputació de Barcelona. Àrea d’Educació, [2006] | ||
| 300 | |a 1 disc òptic (CD-ROM) ; |c 12 cm | ||
| 650 | 0 | |a Educació |z Barcelona (Província} |9 40056 | |
| 655 | 0 | |9 54985 |a CD-ROMs | |
| 710 | |a Barcelona (Catalunya : Província). |b Àrea d'Educació |9 8009 | ||
| 901 | |a Arxiu | ||
| 942 | |n 1 |2 udc | ||
| 952 | |0 0 |1 0 |4 0 |6 CD1234 |7 1 |9 55823 |a Arxiu |b Arxiu |d 2016-12-01 |l 0 |o CD-1-234 |p 24439 |r 2016-12-01 00:00:00 |w 2016-12-01 |y ARXIU | ||
| 999 | |c 59696 |d 59696 | ||